[Event "SVK-ch U10"]
[Site "Liptovsky Mikulas"]
[Date "2007.04.26"]
[Round "8"]
[White "Ulicny, Martin"]
[Black "Zdravecky, Michal"]
[Result "0-1"]
[WhiteElo "1350"]
[BlackElo "1365"]
[PlyCount "94"]
[EventDate "2007.04.22"]
[EventType "swiss"]
[EventRounds "9"]
[EventCountry "SVK"]
[SourceTitle "EXT 2008"]
[Source "ChessBase"]
[SourceDate "2007.11.25"]
[SourceVersion "1"]
[SourceVersionDate "2007.11.25"]
[SourceQuality "1"]

1. e4 e5 2. Nf3 Nc6 3. Bb5 Nf6 4. Bxc6 dxc6 5. d3 Bd6 6. c3 Bg4 7. Bg5 h6 8. Bxf6 Qxf6 9. Nbd2 Bxf3 10. Nxf3 Qf4 11. 0-0 0-0 12. g3 Qf6 13. Nh4 Qg5 14. f4 exf4 15. g4 Qxh4 16. Rf2 f3 17. Qxf3 b6 18. Re1 Bc5 19. d4 Bd6 20. e5 Be7 21. Qxc6 Rac8 22. Ref1 Qxg4+ 23. Rg2 Qe6 24. Qb7 a5 25. Re1 c5 26. d5 Qf5 27. Qxe7 Rce8 28. Rf2 Qg4+ 29. Rg2 Qxg2+ 30. Kxg2 Rxe7 31. d6 Rd7 32. e6 Rxd6 33. e7 Re8 34. b4 axb4 35. cxb4 cxb4 36. Re4 Rd2+ 37. Kh3 Rxa2 38. Rxb4 Rxe7 39. Rxb6 Ra4 40. Rb8+ Kh7 41. Rb3 f5 42. Rf3 Rb7 43. Rxf5 Rb3+ 44. Kg2 Ra2+ 45. Rf2 Rxf2+ 46. Kxf2 Kg6 47. h4 Kf5 0-1